00954nam a2200205 i 450000100060000000300090000600500170001500700030003200800410003510000290007624502310010526000350033630000340037170000260040571000660043171100800049785200320057799900170060995201220062651459ES-MaACL20230906162352.0t|030813s1964 sp ||||1| spa d1 aChastel, André.93816813aEl humanismo / cAndré Chastel, Rober Clein ; publicado bajo los auspicios del Consejo de Cooperación Cultural con motivo de la I Exposición de Cooperación Cultural organizada en 1954 en Bruxelas por el Gobierno Belga. aBarcelona : bSalvat, c[1964] a340 p., 104 lám. ; c35 cm.1 aClein, Robert.9391672 aConsejo de Europa. bConsejo de Cooperación Cultural.931872 aExposición de Arte del Consejo de Europa (n1º. d1954. cBruselas)9668 aES-MaACLjC-26817 bR.55533 c51459d51459 00104070aATENEOMbATENEOMcDEPO2d2008-01-17eSCl0oC-26817p1054118r2023-02-23 00:00:00w2023-02-23yMONOGRAFIA